logo

Bir Sreshtho Munshi Abdur Rouf Library
Jhenaidah Cadet College

বৈশাখ ও আমাদের ঐতিহ্যচেতনা / (Record no. 2000)

MARC details
000 -LEADER
fixed length control field 00712nam a2200229 a 4500
001 - CONTROL NUMBER
JCCL Control Number 2000
003 - CONTROL NUMBER IDENTIFIER
JCCL marc code BD-JhCC
005 - DATE AND TIME OF LATEST TRANSACTION
control field 20171028121852.0
008 - FIXED-LENGTH DATA ELEMENTS--GENERAL INFORMATION
fixed length control field 171028s2000 bg |||| ||a| 000 0 ben d
020 ## - INTERNATIONAL STANDARD BOOK NUMBER
International Standard Book Number 9840739263
035 ## - SYSTEM CONTROL NUMBER
system control number (BD-JhCC) 2000
040 ## - CATALOGING SOURCE
Original cataloging agency BD-JhCC
Modifying agency BD-JhCC
041 ## - LANGUAGE CODE
Language code of Book ben
082 ## - DEWEY DECIMAL CLASSIFICATION NUMBER
Classification number 305.4895492
Author mark and Year CHO 2000
100 ## - MAIN ENTRY--PERSONAL NAME
Personal name চৌধুরী, তিতাশ
245 ## - TITLE STATEMENT
Title বৈশাখ ও আমাদের ঐতিহ্যচেতনা /
Statement of responsibility, etc তিতাশ চৌধুরী
260 ## - PUBLICATION, DISTRIBUTION, ETC. (IMPRINT)
Place of publication, distribution, etc ঢাকা :
Name of publisher, distributor, etc বাংলা একাডেমী ঢাকা ,
Date of publication, distribution, etc 2000
300 ## - PHYSICAL DESCRIPTION
Pagination 204 p .:
Dimensions 22 cm .
650 ## - SUBJECT ADDED ENTRY--TOPICAL TERM
Topical term or geographic name as entry element Social life and customs
942 ## - ADDED ENTRY ELEMENTS (KOHA)
Source of classification or shelving scheme Dewey Decimal Classification
Koha item type Books
Holdings
Source of classification or shelving scheme Damaged status Not for loan Home library Current library Shelving location Date of accession Cost, normal purchase price Total Checkouts Full call number Barcode Date last seen Copy number Koha item type
Dewey Decimal Classification     JCC Rouf Library JCC Rouf Library General Stacks 10/28/2017 70.00   305.4895492 CHO 2000 3212 10/28/2017 C-1 Books

JCC Library | Contacts | JCC Home

Last Update on 23 September 2017
Copyright @ 2017-2020 JCC Rouf Library
Rouf Library, Jhenidah Cadet College (JCC), Bangladesh